| 000 | 01448nam a2200325 i 4500 | ||
|---|---|---|---|
| 001 | 768714001 | ||
| 003 | CO-MdFUSB | ||
| 005 | 20211001152947.0 | ||
| 007 | ta | ||
| 008 | 200603t1992 ck ||| |||| 00| 0 spa d | ||
| 020 | _a9580600074 | ||
| 040 |
_aCO-MdFUSB _bspa _cCO-MdFUSB _dCO-MdFUSBC _erda |
||
| 041 | _aspa | ||
| 082 |
_223 _a863.64 _bG216 |
||
| 100 |
_aGarcía Márquez, Gabriel _d1927-2014 |
||
| 245 |
_aDoce cuentos peregrinos _c/ Gabriel García Márquez |
||
| 264 | 1 |
_aBogotá, Colombia : _bOveja Negra, _c[1992] |
|
| 264 | 4 | _c©1992 | |
| 300 |
_c226 páginas ; _a22 cm |
||
| 336 |
_2rdacontent _atexto _btxt |
||
| 337 |
_2rdamedia _asin mediación _bn |
||
| 338 |
_2rdacarrier _avolumen _bnc |
||
| 505 | _aPrólogo, Porqué doce, porqué cuentos y porqué peregrinos -- Buen viaje, señor presidente -- La santa -- El avión de la bella durmiente -- Me alquilo para soñar -- Solo vine a hablar por teléfono -- Espantos de agosto -- María dos Prezeres -- Diecisiete ingleses envenenados --Tramontana -- El verano feliz de la señora Forbes -- La luz es como el agua -- El rastro de tu sangre en la nieve | ||
| 650 | 7 |
_92265 _aLiteratura hispanoamericana |
|
| 650 | 7 |
_92518 _aLiteratura colombiana |
|
| 773 | 0 |
_048764 _958577 _aGarcía Márquez, Gabriel _dBogotá : Oveja Negra _oB31946 _tDoce cuentos peregrinos / Gabriel García Márquez _w(CO-MdFUSB)1606 _z958-06-0007-4 |
|
| 942 | _cBK | ||
| 945 | _aDani | ||
| 999 |
_c66024 _d66024 |
||